Anima Christi per coro, organo e ottoni (timpani ad libitum) : soubor hlasů /

Hlavní autor: Blabla, Jan, 1929-
Další autoři: Ignác z Loyoly, svatý, 1491-1556
Jazyk: Latina
Vydáno: Praha : Spectrum, 2001
Edice: Musica sacra
Témata:
Fyzický popis: 1 sborová partitura (8 s.) ; 29 cm + 6 hlasů
Hudebniny Hudebniny
Uloženo v:
LEADER 01619ncm a2200445 a 4500
001 000601522
003 CZ BrMZK
005 20111222120806.0
007 q
008 020521s2001 xr ccaag X lat d
015 |a cnb001093788 
024 2 |a M706523156 
024 2 |a M706523309 
028 2 1 |a 9904020.2  |b Spectrum 
028 2 1 |a 9904020  |b Spectrum 
028 2 1 |a 9904020.1  |b Spectrum 
040 |a BOA001  |b cze0 
043 |a e-xr--- 
045 |a x-x- 
048 |a ca01  |b kb01  |b bb03  |b bd03  |a pa 
072 7 |a 783  |x Církevní hudba. Duchovní hudba. Náboženská hudba  |2 Konspekt  |9 9 
080 |a 78.087.684  |2 MRF 
080 |a 783  |2 MRF 
080 |a 78.089.6.087  |2 MRF 
100 1 |a Blabla, Jan,  |d 1929-  |7 jn20000400182  |4 cmp 
245 1 0 |a Anima Christi  |h [hudebnina] :  |b per coro, organo e ottoni (timpani ad libitum) : soubor hlasů /  |c Jan Blabla ; (oratio sancti Ignatii de Loyola) 
260 |a Praha :  |b Spectrum,  |c 2001 
300 |a 1 sborová partitura (8 s.) ;  |c 29 cm +  |e 6 hlasů 
306 |a 000600 
490 1 |a Musica sacra 
648 7 |a 20. století  |7 ch460558  |2 czenas 
650 0 7 |a smíšené sbory  |7 ph291750  |z Česko  |y 20. stol.  |2 czenas 
650 0 4 |a modlitby (smíšený sbor, varhany, trubka (3), trombon (3), tympány) 
650 0 7 |a duchovní hudba  |7 ph114372  |z Česko  |y 20. stol.  |2 czenas 
655 7 |a partitury a hlasy  |7 fd186702  |2 czenas 
700 0 |a Ignác z Loyoly,  |c svatý,  |d 1491-1556  |7 jn20000700771  |4 lyr 
830 0 |a Musica sacra 
910 |a BOA001  |b Mus4-1094.598 
990 |a MU 
996 6 |b 2610160947  |c Mus4-1094.598  |l MZK  |r Sklad / do 1 hodiny  |n 0  |w 000601522  |u 000010  |a 1  |e BOA001  |j MZK50  |s P